00505nam a2200193 a 4500001001300000003000900013005001700022008004100039020001000080082001600090100002400106245003200130260003200162300000900194500003500203505002700238650002200265700002400287nice12345678IN_TiNIC20260116011535.0050524s0000 lona grp 000 0 per  ac10000a297.63bKAM aTahiri, Abuln Qasim aKirdaar-O-Guftar-E-Muhammad aLondon bNo Publisherc0000 a247p aincludes index and biblioraphy2 aPlus Some Other Tracts aMuhammad, Prophet1 aTahiri, Abuln Qasim